The Pharmaceutical Codex: principles and practice of pharmaceutics (Record no. 4033)

MARC details
000 -LEADER
fixed length control field 00613nam a22002177a 4500
003 - CONTROL NUMBER IDENTIFIER
control field OSt
005 - DATE AND TIME OF LATEST TRANSACTION
control field 20180427190535.0
008 - FIXED-LENGTH DATA ELEMENTS--GENERAL INFORMATION
fixed length control field 160513b xxu||||| |||| 00| 0 eng d
020 ## - INTERNATIONAL STANDARD BOOK NUMBER
International Standard Book Number 0853692904
040 ## - CATALOGING SOURCE
Transcribing agency 040a
082 ## - DEWEY DECIMAL CLASSIFICATION NUMBER
Classification number QV 21
Item number P494w 1994
100 ## - MAIN ENTRY--PERSONAL NAME
Personal name Lund, Walters
9 (RLIN) 12639
245 ## - TITLE STATEMENT
Title The Pharmaceutical Codex: principles and practice of pharmaceutics
Remainder of title
250 ## - EDITION STATEMENT
Edition statement 12th.ed
260 ## - PUBLICATION, DISTRIBUTION, ETC. (IMPRINT)
Place of publication, distribution, etc. London;
Name of publisher, distributor, etc. The phamaceutical press,
Date of publication, distribution, etc. 1994
300 ## - PHYSICAL DESCRIPTION
Extent xix,1117p;
Other physical details ill :
Dimensions 15 cm.
504 ## - BIBLIOGRAPHY, ETC. NOTE
Bibliography, etc Includes index
650 ## - SUBJECT ADDED ENTRY--TOPICAL TERM
Topical term or geographic name as entry element Pharmaceutics
9 (RLIN) 1575
650 ## - SUBJECT ADDED ENTRY--TOPICAL TERM
Topical term or geographic name as entry element Codex pharmacopia
9 (RLIN) 12640
942 ## - ADDED ENTRY ELEMENTS (KOHA)
Source of classification or shelving scheme Dewey Decimal Classification
Koha item type Short Loan
Holdings
Withdrawn status Lost status Source of classification or shelving scheme Damaged status Not for loan Home library Current library Date acquired Inventory number Total Checkouts Full call number Barcode Date last seen Koha item type
    Dewey Decimal Classification     MUST Main Library MUST Main Library 13/05/2016 04/21267   QV21 P494w 1994 2016-1894 13/05/2016 Short Loan
    Dewey Decimal Classification     MUST Main Library MUST Main Library 13/05/2016 04/21268   QV21 P494w 1994 2016-1895 13/05/2016 Short Loan